书目信息 |
| 题名: |
中国笛子新作品曲集
|
|
| 作者: | 荣政 编 | |
| 分册: | ||
| 出版信息: | 北京 人民音乐出版社 2005 |
|
| 页数: | 159页 | |
| 开本: | 30cm | |
| 丛书名: | ||
| 单 册: | ||
| 中图分类: | J648.11 | |
| 科图分类: | ||
| 主题词: | 笛子--器乐曲--中国--选集 , 笛子 , 器乐曲 | |
| 电子资源: | ||
| ISBN: | 7-103-02988-1 | |
| 000 | 00763nam0 2200241 450 | |
| 001 | 003041231 | |
| 005 | 20070807084643.34 | |
| 010 | @a7-103-02988-1@dCNY22.00 | |
| 100 | @a20050919d2005 em y0chiy0110 ea | |
| 101 | 0 | @achi |
| 102 | @aCN@b110000 | |
| 105 | @ag z 000yy | |
| 200 | 1 | @a中国笛子新作品曲集@9zhong guo di zi xin zuo pin qu ji@f荣政编 |
| 210 | @a北京@c人民音乐出版社@d2005 | |
| 215 | @a159页@d30cm | |
| 330 | @a本书收录了笛子演奏家或作曲家的创作作品若干,包括:幽思、小河淌水、江河水、行云流水、花泣、麦西莱谱、黄卷青灯、山村喜讯等。 | |
| 606 | 0 | @a笛子@x器乐曲@y中国@j选集 |
| 606 | 0 | @a笛子 |
| 606 | 0 | @a器乐曲 |
| 690 | @aJ648.11@v4 | |
| 701 | 0 | @a荣政@9rong zheng@c(音乐)@4编 |
| 801 | 0 | @aCN@bNLC@c20070807 |
| 905 | @a10447@dJ648.11@e148 | |
| 中国笛子新作品曲集/荣政编.-北京:人民音乐出版社,2005 |
| 159页;30cm |
| ISBN 7-103-02988-1:CNY22.00 |
| 本书收录了笛子演奏家或作曲家的创作作品若干,包括:幽思、小河淌水、江河水、行云流水、花泣、麦西莱谱、黄卷青灯、山村喜讯等。 |
| ● |
| 相关链接 |
|
|
|
|
正题名:中国笛子新作品曲集
索取号:J648.11/148
 
预约/预借
| 序号 | 登录号 | 条形码 | 馆藏地/架位号 | 状态 | 备注 |
| 1 | 0802258 | 208022584 | 第一样本阅览室/ [索取号:J648.11/148] | 在馆 | |
| 2 | 0802259 | 208022593 | 第一借阅区/ [索取号:J648.11/148] | 在馆 | |
| 3 | 0802260 | 208022600 | 第一借阅区/ [索取号:J648.11/148] | 在馆 | |
| 4 | 0802261 | 208022619 | 第一借阅区/ [索取号:J648.11/148] | 在馆 | |
| 5 | 0802262 | 208022628 | 第一借阅区/ [索取号:J648.11/148] | 在馆 | |
| 6 | 0802263 | 208022637 | 第一借阅区/ [索取号:J648.11/148] | 在馆 | |
| 7 | 0802264 | 208022646 | 第一借阅区/ [索取号:J648.11/148] | 在馆 | |
| 8 | 0802265 | 208022655 | 密集书库-音乐系/ [索取号:J648.11/148] | 在馆 | |
| 9 | 0802266 | 208022664 | 密集书库-音乐系/ [索取号:J648.11/148] | 在馆 | |
| 10 | 0802267 | 208022673 | 密集书库-音乐系/ [索取号:J648.11/148] | 在馆 |